000 01662cam a22004574i 4500
003 PE-LiUPU
005 20250731172711.0
008 150617s r 000 0 d
020 _a8425411866
035 _a(Sirsi) i9788425411861
040 _aPE-LiUPU
_bspa
_cPE-LiUPU
_erda
049 _aPRUA
082 0 4 _a201
_bR17
_221
100 1 _aWeger, Karl-Heiniz,
_eautor.
245 1 0 _aKarl Rahner :
_bintroducción a su pensamiento teológico /
_cKarl-Heiniz Weger.
264 1 _aBarcelona :
_bEditorial Herder,
_c1982.
300 _a226 páginas ;
_c20 centímetros.
336 _atext
_2rdacontent
337 _aunmediated
_2rdamedia
338 _avolume
_2rdacarrier
505 0 _aDe la "crisis" al método -- "Pero del hombre nada sabemos.." -- "Dios", palabra no extraña al hombre -- El núcleo de la teología de rahaner -- Cristianismo anónimo y revelación universal de Dios -- "Creo en jesucristo" -- La eclesialidad de la fe.
526 _aSEG42
526 _aSEG41
526 _aSEG40
526 _aSEG39
526 _aP94
526 _aP87
526 _aP86
526 _aP85
526 _aP77
526 _aP76
526 _aP35
600 1 _aRahner, Karl.
_d1904-1984
910 _ajck
_bjvq
_cjck
_d20150616
942 _2ddc
_cBOOK
949 _a201 R17
_wDEWEY
_c1
_i27576
_lCCODEBUL1
_mBUL
_r0
_sY
_tBOOK
_u2015-4-21
_xTEOLOGIA
_PP35
_0COMPRA
_o.STAFF. Colección General
994 _aC0
_bPEPRU
596 _a1
999 _a201 R17
_wDEWEY
_c675
_i27576
_d675
_f2021-11-11
_g5
_lCCODEBUL1
_mBUL
_q1
_r0
_sY
_tBOOK
_u2015-4-21
_xTEOLOGIA
_PP35
_0COMPRA
_o.STAFF. Colección General
980 _81
_gALBERTO SANCHEZ Responsable de Automatización